Избранные произведения. Т. 2 (Запись № 8709043)
[ простой вид ]
| 000 -МАРКЕР | |
|---|---|
| контрольное поле | 01704nam2a2200301 4500 |
| 001 - ИДЕНТИФИКАТОР ЗАПИСИ | |
| контрольное поле | rc\4214939 |
| 005 - ИДЕНТИФИКАТОР ВЕРСИИ | |
| контрольное поле | 20251118181757.9 |
| 021 ## - НОМЕР ГОСУДАРСТВЕННОЙ РЕГИСТРАЦИИ | |
| Код страны | Российская Федерация |
| Номер | [54-42760] |
| 021 ## - НОМЕР ГОСУДАРСТВЕННОЙ РЕГИСТРАЦИИ | |
| Код страны | Российская Федерация |
| Номер | [54-44567] |
| 035 ## - ДРУГИЕ СИСТЕМНЫЕ НОМЕРА | |
| Идентификатор записи | (NLR Aleph) 008012458 |
| 100 ## - ДАННЫЕ ОБЩЕЙ ОБРАБОТКИ | |
| Данные общей обработки | 20130415d1954 u y0rusy50 ca |
| 101 1# - ЯЗЫК РЕСУРСА | |
| Язык текста, звукозаписи и т.д. | русский |
| Язык оригинала | английский |
| 102 ## - СТРАНА ПУБЛИКАЦИИ ИЛИ ПРОИЗВОДСТВА | |
| Страна публикации | Российская Федерация |
| 105 ## - ПОЛЕ КОДИРОВАННЫХ ДАННЫХ: ТЕКСТОВЫЕ МАТЕРИАЛЫ, МОНОГРАФИЧЕСКИЕ | |
| Кодированные данные о монографическом текстовом документе | y|||z|||000ay |
| 200 0# - ЗАГЛАВИЕ И СВЕДЕНИЯ ОБ ОТВЕТСТВЕННОСТИ | |
| Основное заглавие | Т. 2 |
| 215 ## - ФИЗИЧЕСКАЯ ХАРАКТЕРИСТИКА | |
| Специфическое обозначение материала и объем | 828 с. |
| 317 ## - ПРИМЕЧАНИЯ О ПРОИСХОЖДЕНИИ ЭКЗЕМПЛЯРА | |
| Текст примечания | Имеется также в Гос. лит. музее «XX век» в мемориальной б-ке Е. Л. Шварца © СПбГБУК «Государственный литературный музей «XX век» |
| Организация и экземпляр, к которому относится поле | ГЛМ «XX век» |
| 327 1# - ПРИМЕЧАНИЯ О СОДЕРЖАНИИ | |
| Текст примечания | Содерж.: История Тома Джонса найденыша : роман |
| 461 #0 - УРОВЕНЬ НАБОРА | |
| Встроенное поле | 001rc\4214937 |
| -- | 2001#$aИзбранные произведения$eпереводы с английского$eв 2 т.$fГенри Фильдинг$g[примеч. Ю. Кагарлицкого$gвступ. статья «Генри Фильдинг - великий английский просветитель» С. С. Мокульского]$vТ. 2 |
| -- | 700#1$aФилдинг$bГ.$f1707-1754$gГенри$3RU\NLR\AUTH\7729708 |
| Системный номер (АБИС) связанной записи | 8709031 |
| Автор | Филдинг, Г. (1707-1754) |
| Место публикации | Москва |
| Дата публикации | 1954 |
| Первые сведения об ответственности | Генри Фильдинг |
| Имя издателя, распространителя и т.д. | Гослитиздат |
| Сведения, относящиеся к заглавию | переводы с английского : в 2 т. |
| Заглавие | Избранные произведения |
| Номер тома | Т. 2 |
| 801 #0 - ИСТОЧНИК ЗАПИСИ | |
| Страна | Российская Федерация |
| Организация | NLR |
| Правила каталогизации | psbo |
| 801 #1 - ИСТОЧНИК ЗАПИСИ | |
| Страна | Российская Федерация |
| Организация | ELAR |
| Источник данных | rusmarc |
| 852 ## - МЕСТОНАХОЖДЕНИЕ И ШИФР ХРАНЕНИЯ | |
| Идентификатор организации | NLR |
| Шифр хранения (Call Number) | Л60 Г-5/84(2) |
| 899 ## - ДАННЫЕ О МЕСТОНАХОЖДЕНИИ (устаревшее) | |
| Местонахождение | ГЛМ «XX век» |
| -- | (Шварц) |
| 942 ## - ДОПОЛНИТЕЛЬНЫЕ ЭЛЕМЕНТЫ ЗАПИСИ (АБИС) | |
| Тип экземпляра АБИС | Книга |
| 980 ## - КОЛЛЕКЦИЯ | |
| Название коллекции | Национальная библиография |
| 981 46 - КОЛЛЕКЦИЯ ЭЛЕКТРОННОЙ БИБЛИОТЕКИ | |
| Название коллекции | Личная библиотека Е. Шварца |
| Тип экземпляра | Дата поступления | Библиотека постоянного хранения | Библиотека текущего хранения | Место хранения | Шифр хранения | Штрих-код | Статус экземпляра | Стоимость | Источник поступления |
|---|---|---|---|---|---|---|---|---|---|
| Книга | 04.03.2014 | РНБ (Московский) | РНБ (Московский) | Фонд общего зала литературы по филологии, педагогике и искусству (гуманитарной литературы) | Л1 Ш6(4Вл)/Ф-570 | 1-366867 | 14.35 | ||
| Книга | 26.10.2013 | РНБ (Садовая) | РНБ (Садовая) | Русский книжный фонд -Главное здание, Ленинский читальный зал | Л60 Г-5/84 | 8012458-10 | |||
| Книга | 13.04.2014 | РНБ (Садовая) | РНБ (Садовая) | Фонд научного зала литературы и искусства | Нз Ш6(4Вл)/Ф-570 | 1-428534 | Подсобные фонды РНБ | ||
| Книга | 21.09.2015 | РНБ (Фонтанка) | РНБ (Фонтанка) | Юношеский читальный зал | Ю И(Англ.)/Ф-57 | 1-1004588 | 14.35 | Источник неизвестен |